01013nmm a2200289 a 4500003000900000005001700009008004100026020001800067040001300085100002900098245009600127260008100223300001800304500006000322500006400382600003900446600002900485600003100514600003300545650003200578650002000610650002000630650001700650650001100667651002100678653002400699AR-BaBNM20251128205359.0247019s1984 ||||||||||||||000 | spa|| a84-7232-321-8 cAR-BaBNM1 aLandin Carrasco, Amancio10aIslario español del Pacíficobidentificación de los descubrimientos en el Mar del Sur aMadridbCultura HispánicabInstituto de cooperación Iberoamericanac19840 a207 p.bmapas0 aDentro de la obra se encuentran los mapas desplegables.0 aContiene índice bibliográfico para consultar p. 151-15614aMagallanes, Fernando Ded1475-152114aElcano, Juan Sebastián14aLópez de Villalobos, Ruy14aFernández de Quiros, Pedro 4aDESCUBRIMIENTOS GEOGRAFICOS 4aHISTORIA SOCIAL 4aDESCUBRIMIENTOS 4aCOMUNICACION 4aEQUIPO 4aAmérica Latina aHISTORIA ESPAÑOLA